000 01367cam a2200397Ma 4500
001 100513
005 20230411085820.0
008 050615s2005 fr ab b 001 0 fre d
035 _a(OCoLC)ocn319872221
040 _aOTP
_bfre
_cOTP
_dFRBML
_dBDF
_dCHRRO
020 _a2746706342 (br.)
020 _a9782746706347 (br.)
029 1 _aZWZ
_b086255487
029 1 _aCHRRO
_bR003793347
035 _a(OCoLC)319872221
050 1 4 _aR G 1046
_bW662a 2005
082 0 0 _a325.2
049 _aGRAL
100 1 _aWihtol de Wenden, Catherine.
245 1 0 _aAtlas des migrations dans le monde :
_bréfugiés ou migrants volontaires /
_cCatherine Wihtol de Wenden ; cartographie de Madeleine Benoit-Guyod.
260 _aParis :
_bEditions Autrement,
_c2005.
300 _a79 p. :
_bill. en coul., cartes en coul. ;
_c25 cm.
490 1 _aCollection Atlas/monde
500 _a"Cet ouvrage est coédité avec le Mémorial de Caen"--P. de t.
500 _aIndex.
504 _aBibliogr.: p. [78]-79.
650 0 _aEmigration and immigration
_vMaps.
650 0 _aMigrations of nations
_vMaps.
650 4 _aEmigración e inmigración
_vMapas
650 6 _aMigrations de peuples
_vAtlas.
650 6 _aEmigration et immigration
_vAtlas.
700 1 _aBenoit-Guyod, Madeleine.
830 0 _aCollection Atlas/monde.
942 _2lcc
_cbk
994 _aC0
_bDRFGD
999 _c107771
_d107771